Five have a mystery to solve

Bibliographic Details
Main Author: Blyton, Enid
Other Authors: Knox, Jolyne (illustrated)
Format: Book
Published: London : Award Publications , 1992
Subjects:

MARC

LEADER 00000cam a2200000 7i4500
001 0000003477
002 000003747
005 20000330.0
020 |a 0861635566 
090 0 0 |a JF   |b BLY 
100 1 |a Blyton, Enid 
245 1 0 |a Five have a mystery to solve   |c Enid Blyton ; illustrated by Jolyne Knox 
260 |a London :   |b Award Publications ,   |c 1992 
300 |a 154p. :   |b ill. ;   |c 19cm. 
650 0 0 |a Adventure stories 
700 1 |a Knox, Jolyne ,   |e illustrated 
999 |a 031273   |b BUKU   |c PINJAMAN   |e PERPUSTAKAAN KOMUNITI PETALING JAYA 
999 |a 031274   |b BUKU   |c PINJAMAN   |e PERPUSTAKAAN KOMUNITI PETALING JAYA 
999 |a 041261   |b BUKU   |c PINJAMAN   |e PERPUSTAKAAN KOMUNITI PETALING JAYA 
999 |a 041262   |b BUKU   |c PINJAMAN   |e PERPUSTAKAAN KOMUNITI PETALING JAYA 
999 |a 041263   |b BUKU   |c PINJAMAN   |e PERPUSTAKAAN KOMUNITI PETALING JAYA